Ч. 1; Физические основы электрофизических и электрохимических методов обработки

Bibliographic Details
Parent link:Физические основы электрофизических и электрохимических методов обработки: учебное пособие/ Б. Н. Золотых; Московский институт электронного машиностроения. Ч. 1.— , 1975
Language:Russian
Published: 1975
Subjects:
Format: MixedMaterials Book
KOHA link:https://koha.lib.tpu.ru/cgi-bin/koha/opac-detail.pl?biblionumber=87099

MARC

LEADER 00000nam2a2200000 4500
001 87099
005 20231031102025.0
035 |a (RuTPU)RU\TPU\book\93519 
090 |a 87099 
100 |a 20051205d621. m y0rusy50 ca 
101 0 |a rus 
102 |a RU 
105 |a a j 001zy 
200 0 |a Ч. 1 
210 |d 1975 
215 |a 106 с.  |c черт. 
320 |a Библиогр.: с. 103-104 
461 1 |0 (RuTPU)RU\TPU\book\95546  |t Физические основы электрофизических и электрохимических методов обработки  |o учебное пособие  |f Б. Н. Золотых  |g Московский институт электронного машиностроения  |v Ч. 1  |d 1975 
610 1 |a электрическая обработка 
610 1 |a учебные пособия 
610 1 |a ток 
610 1 |a эрозия 
610 1 |a магнитно-импульсная обработка 
675 |a 621.7/9:6(075.8)  |v 3 
801 1 |a RU  |b 63413507  |c 20051205  |g PSBO 
801 2 |a RU  |b 63413507  |c 20060113  |g PSBO 
942 |c BK